Quiz Tout pour la Lumière - Statistiques

Statistiques générales
  • Ce quiz a été pris 79 fois
    46 depuis la dernière actualisation
  • Le résultat moyen est 7 sur 57
Statistiques - réponses
Hint Réponse % Correct
Comment se nomme le perso principal ? Victoria
100%
Quel endroit est le lieu principal de la série ? Le Studio Lumière
56%
Après son retour à la Ciotat, Victoria a eu un hater, qui était-ce ? Ali
52%
Qui a aider Florence à faire la tentative ? Marina
52%
Comment s'appel le frère de Victoria et le fils de Florence ? Swann
52%
Comment s’appellent les membres de la famille Vargas/Delaunat/Louvet ? Victoria ; Max ; Baya ; Joël ; Florence ; Swann
52%
Comment s’appelle la chanteuse qui joue le rôle d’Ophelia ? Vitaa / Charlotte
52%
Pendant cette même période, Solenn veut se mettre à fond au sport pour un challenge, qui va la coacher sous la demande de son père ? Max
44%
À qui appartient cette compo ? Élise
40%
Comment s'appelle la chanteuse qui fait son apparition au studio pour une masterclass ? Ophélia
40%
Qui a gagné le casting ? Baya et Eden
28%
Qu'apprend-t-on d'autre à propos de Julian ? Il est alcoolique
24%
Quel est le nom du producteur de Victoria ? Roman
20%
Nom du bar d’Éric ? Le Comète
16%
Comment s'appelle la chanson qui rappel ces mauvais souvenirs à Marina ? Mad World
16%
Combien de temps s’est-il écoulé entre le "décès" de Swann, la dernière fois que Victoria avait vue Florence et Joël et le coma de Florence ? 20 ans
12%
Quel événement important fait débuter la série ? Le coma de Florence
8%
Quel événement vient bouleversé la vie de Victoria et qui la pousse à revenir à la Ciotat et au studio ? Le coma de Florence
8%
Une fois que Justine n'a plus l'envie de dénoncer Marina, qui a envie de le faire à sa place ? Ludovic ( Le mari de Justine )
8%
Combien de temps dure un cycle ? 4 mois / De Juillet à Octobre
4%
Comment s’appellent les membres de la coloc ? Iris ; Noah ; Jacob ; Sultana ; Élimane ; Maddie
4%
Quel est la peur de Jacob ? Les clowns
4%
De qui est tombé amoureux Melvil ? Maddie
4%
Marina connais une période difficile, pourquoi ? A l'époque, Marina était une danseuse pro et son chorégraphe et violent verbalement, ce qui l'a poussée à changer de vie
0%
Que se passe-t-il à la fin de l'ep 66 ? Baya et Eden s'embrassent
0%
Quel événement se produit pour un couple que l'on connait ? Baya et Mohammed se séparent
0%
Lorsque Florence se réveille, on apprend qu'elle a fait une tentative de suic*de, pourquoi ? Car elle a appris qu'elle avait une tumeur
0%
Qu'apprend d'autre sur Justine par son mari ? C'est elle qui a provoqué l'accident avec Marina et Philippe avec la voiture de son mari
0%
Que choisie t-elle ? De le faire
0%
Entre temps, Florence est débordé au niveau administratif, elle prend une décision, laquelle ? Demander à Justine le revenir l'aider jusqu'à la fin du cycle
0%
Qu'apprent-on sur Marina et Eden ? Eden est le fils biologique de Marina
0%
Qu'apprend t'on d'autres sur la vie de Marina ? Eden est son fils biologique
0%
Qu'apprendt-on sur Justine ? Elle enquête pour faire parler Marina
0%
Que se passe t'il pour Justine maintenant que Florence et Marina connaissent la vérité ? Elle est virée
0%
Que demande Justine à Marina pour se raprocher d’elle ? Elle lui parle du casting pour les élèves
0%
Comment s’appellent les membres de la famille Verzeroli Eric ; Hadrien ; Solenn ; Élise ; Margot
0%
Comment est-ce que ce dernier revient dans la vie de ses proches ? Grâce à Eden
0%
Suite à ça, que décide Nils ? Il décide de quitter Maddie
0%
Que décide de faire Roman pour avoir un aperçu des pré-sélections ? Il décide de venir pendant les coaching
0%
Que décide t-il pour s'aider à faire un choix pour choisir un ou une élève à la fin du cycle ? Il demande à Florence, Victoria, Joël et Ali de former avec lui un jury
0%
Pourquoi a-t-il fait ça ? Il était encore amoureux de Victoria
0%
Qu'est-ce que Ludovic a demandé à Justine après qu'elle lui est dit qu'elle voulait essayer d'avoir un vrai lien avec Marina ? Il lui demande de partir pour oublier tout ce qui s'est passé
0%
Que propose Roman à Victoria en plus qu'elle fasse un album ? Il lui propose de faire une tournée
0%
Comment se déroule les pré-sélections maintenant que Roman n'a plus de directeur artistique ? Il réussit à alleger son planning pour écouter les élèves 1 par 1 / Il réussit à alleger son planning pour écouter les élèves un par un
0%
Qu'est-ce qu'Ali souhaite depuis sa tentative de reconquête de Victoria ? Il voudrait devenir son ami
0%
Quel évènement se passe t-il au studio après ça ? Il y a une pré-sélection 1 mois avant la sélection finale
0%
Que se passe - t-il pendant cette masterclass ? Julian vole une compo sur l'ordi d'Hadrien ?
0%
Comment est-il convaincu de ne pas le faire ? Justine lui a lancé un ultimatum et il a accepter d'entendre Marina
0%
Quelle règle change pour les pré-sélections ? Maintenant, chaque élève peut décider de passer seul, en duo ou en groupe
0%
Comment s'appelle le directeur artistique de Roman chargé de réalisé les pré-sélections ? Melvil
0%
Maddie avec l'aide de Florence voudrait poser plainte mais n'a aucune preuve, Ali finit par lui apporté, quel est cette preuve ? Melvil lui a avoué qu'il avait couché avec Maddie en échange du repéchage de Nils
0%
Qu'apprend-t-ont sur Justine ? Philippe était son père
0%
Quelle proposition fait-il à Maddie ? Qu'elle couche avec lui et en échange il "repêche" Nils
0%
Suite à l'échange entre Florence et Melvil, que ce passe-t-il ? Roman les entends et décide donc de virer Melvil
0%
Suite à cet évènement, que va-t-il se passé ? Solenn va tomber amoureuse de Max
0%
Pour Florence, qui était Phillippe ? Son amant ( Avant le père de Victoria et Swann et après Joël )
0%
Qu’est-ce que attend l’un des élèves à la fin du cycle ? Un label avec un Roman
0%
Aucun quiz correspondant
Distribution des résultats
% des personnes avec chaque résultat
Percentile par nombre de réponses
Votre historique - résultats
Vous n’avez pas pris ce quiz depuis la dernière actualisation